Meilleurs clubs français lors des 5 dernières saisons - Statistiques

Statistiques générales
  • Ce quiz a été pris 142 fois
  • Le résultat moyen est 13 sur 35
Statistiques - réponses
Hint Réponse % Correct
420 Paris Saint Germain
100%
327 Olympique Lyonnais
96%
325 Olympique de Marseille
92%
303 AS Monaco
87%
300 Lille OSC
82%
284 Stade Rennais
79%
269 OGC Nice
68%
247 Montpellier HSC
58%
238 FC Nantes
51%
230 RC Strasbourg Alsace
49%
229 AS Saint Etienne
44%
228 Stade de Reims
37%
211 Angers SCO
36%
209 Girondins de Bordeaux
35%
198,5 RC Lens
34%
178,5 FC Metz
32%
192,5 Stade Brestois
30%
162,5 Toulouse FC
28%
167,5 FC Lorient
27%
170,5 ESTAC Troyes
26%
176 Nîmes Olympique
25%
156,5 Dijon FCO
24%
151,5 Amiens SC
23%
152,5 Clermont Foot
23%
140,5 AC Ajaccio
19%
129 AJ Auxerre
18%
146 EA Guingamp
18%
133,5 SM Caen
18%
130,5 Le Havre AC
17%
133,5 FC Sochaux-Montbéliard
15%
144 Paris FC
13%
101 Chamois Niortais FC
12%
109,75 Grenoble Foot
12%
110,5 Valenciennes FC
11%
96,25 La Berrichonne Châteauroux
5%
Aucun quiz correspondant
Distribution des résultats
% des personnes avec chaque résultat
Percentile par nombre de réponses
Votre historique - résultats
Vous n’avez pas pris ce quiz